000 00332nam a2200133Ia 4500
008 220216s9999 xx 000 0 und d
100 _aAntony P D
245 0 _aKarnatakathilum naannooru paramparayinangal mecham
260 _bRubber
_c2016
300 _a14-16
650 _a400 series clones
650 _aKarnataka
942 _cJS
999 _c61837
_d61837